<?xml version="1.0" encoding="UTF-8"?><?xml-stylesheet type="text/xsl" href="static/style.xsl"?><OAI-PMH xmlns="http://www.openarchives.org/OAI/2.0/" xmlns:xsi="http://www.w3.org/2001/XMLSchema-instance" xsi:schemaLocation="http://www.openarchives.org/OAI/2.0/ http://www.openarchives.org/OAI/2.0/OAI-PMH.xsd"><responseDate>2026-04-13T04:01:51Z</responseDate><request verb="GetRecord" identifier="oai:www.recercat.cat:10256/7067" metadataPrefix="marc">https://recercat.cat/oai/request</request><GetRecord><record><header><identifier>oai:recercat.cat:10256/7067</identifier><datestamp>2024-05-22T09:55:01Z</datestamp><setSpec>com_2072_452966</setSpec><setSpec>com_2072_2054</setSpec><setSpec>col_2072_452967</setSpec></header><metadata><record xmlns="http://www.loc.gov/MARC21/slim" xmlns:dcterms="http://purl.org/dc/terms/" xmlns:xsi="http://www.w3.org/2001/XMLSchema-instance" xmlns:doc="http://www.lyncode.com/xoai" xsi:schemaLocation="http://www.loc.gov/MARC21/slim http://www.loc.gov/standards/marcxml/schema/MARC21slim.xsd">
   <leader>00925njm 22002777a 4500</leader>
   <datafield ind2=" " ind1=" " tag="042">
      <subfield code="a">dc</subfield>
   </datafield>
   <datafield ind2=" " ind1=" " tag="720">
      <subfield code="a">Lloveras Ramonet, David</subfield>
      <subfield code="e">author</subfield>
   </datafield>
   <datafield ind2=" " ind1=" " tag="260">
      <subfield code="c">2004-07</subfield>
   </datafield>
   <datafield ind2=" " ind1=" " tag="520">
      <subfield code="a">Aquest projecte es basa en l’aprofitament de l’energia solar per a produir ACS en diferents processos industrials d’un escorxador mitjançant una instal·lació solar tèrmica. L’objectiu és cobrir el màxim de necessitats energètiques d’aigua calenta en els processos d’escaldat, rentat de les canals i neteja d’equips i instal·lacions. Com en totes les instal·lacions solars, es fa necessària la presència d’una instal·lació de recolzament, ja que la instal·lació solar no ens satisfà el total de necessitats de producció. En aquest projecte s’ha dut a terme un ampli estudi energètic en el qual s’han estudiat dos tipus de captadors solars: el pla i el de tubs de buit. S’han tingut en compte paràmetres com el rendiment del captador, la inclinació i la superfície captadora per tal d’obtenir un determinat percentatge de cobertura solar</subfield>
   </datafield>
   <datafield ind1="8" ind2=" " tag="024">
      <subfield code="a">http://hdl.handle.net/10256/7067</subfield>
   </datafield>
   <datafield tag="653" ind2=" " ind1=" ">
      <subfield code="a">Carn -- Indústria i comerç -- Estalvi d’energia</subfield>
   </datafield>
   <datafield tag="653" ind2=" " ind1=" ">
      <subfield code="a">Energia tèrmica solar</subfield>
   </datafield>
   <datafield tag="653" ind2=" " ind1=" ">
      <subfield code="a">Escalfadors d'aigua solars</subfield>
   </datafield>
   <datafield tag="653" ind2=" " ind1=" ">
      <subfield code="a">Meat industry and trade -- Energy conservation</subfield>
   </datafield>
   <datafield tag="653" ind2=" " ind1=" ">
      <subfield code="a">Solar thermal energy</subfield>
   </datafield>
   <datafield tag="653" ind2=" " ind1=" ">
      <subfield code="a">Solar water heaters</subfield>
   </datafield>
   <datafield ind2="0" ind1="0" tag="245">
      <subfield code="a">Projecte d'energia solar en la indústria càrnica: anàlisi energètic, econòmic i ambiental</subfield>
   </datafield>
</record></metadata></record></GetRecord></OAI-PMH>